000 00645nam a2200265Ia 4500
005 20250425162220.0
008 250425s9999 xx 000 0 und d
020 _a9871046243
041 _aspa
043 _aag
082 _a005.369
100 _aCRISTOFOLI, MARIA ELIZABETH
245 0 _aMANUAL DE ESTADISTICA CON MICROSOFT EXCEL
250 _a1A ED.
260 _aArgentina
_bOMICRON SYSTEM S.A
_c2003
260 _aBUENOS AIRES
300 _a240
500 _aINCLUYE CD.
650 _aANALISIS (GENERAL)
650 _aESTADISTICA
650 _aEXCEL
710 _aOMICRON SYSTEM S.A.
942 _c01
010 _a57232
999 _c224675
_d224675